Catálogo
 En Linea

El escritor y la preceptiva : (Registro nro. 22508)

Detalles MARC
000 -CABECERA
campo de control de longitud fija 00855nam a2200217 a 4500
001 - NÚMERO DE CONTROL
campo de control 000023011
005 - FECHA Y HORA DE LA ÚLTIMA TRANSACCIÓN
campo de control 20200930021930.0
008 - DATOS DE LONGITUD FIJA--INFORMACIÓN GENERAL
campo de control de longitud fija 101124s1995 sp r 000 0 spa d
020 ## - NÚMERO INTERNACIONAL ESTÁNDAR DEL LIBRO
Número Internacional Estándar del Libro 8478202617
040 ## - FUENTE DE LA CATALOGACIÓN
Centro catalogador/agencia de origen DO-SdBNP
Lengua de catalogación spa
Centro/agencia transcriptor BNPHU
082 ## - NÚMERO DE LA CLASIFICACIÓN DECIMAL DEWEY
Número de clasificación NNN
Número de documento/Ítem M476e
049 ## - FONDOS LOCALES (OCLC)
Fondos de biblioteca BNGR
100 1# - ENTRADA PRINCIPAL--NOMBRE DE PERSONA
Nombre de persona Mazón Nadal, Rogelio.
9 (RLIN) 47339
245 10 - MENCIÓN DE TÍTULO
Título El escritor y la preceptiva :
Resto del título estudio técnico-crítico /
Mención de responsabilidad, etc. Rogelio Mazón Nadal ; prólogo José Manuel Blecua Teijeiro.
260 ## - PUBLICACIÓN, DISTRIBUCIÓN, ETC.
Lugar de publicación, distribución, etc. Zaragoza :
Nombre del editor, distribuidor, etc. Institución "Fernando el Católico",
Fecha de publicación, distribución, etc. 1995.
300 ## - DESCRIPCIÓN FÍSICA
Extensión 173, [2] p. ;
Dimensiones 21 cm.
490 1# - MENCIÓN DE SERIE
Mención de serie Publicación institución "Fernando el Católico"
Designación de volumen o secuencia 1724
500 ## - NOTA GENERAL
Nota general Incluye datos biográficos del autor en la contracubierta.
700 1# - PUNTO DE ACCESO ADICIONAL--NOMBRE DE PERSONA
Nombre de persona Blecua Teijeiro, José Manuel
Término indicativo de función/relación pról.
9 (RLIN) 47340
830 #0 - PUNTO DE ACCESO ADICIONAL DE SERIE-TÍTULO UNIFORME
Título uniforme Publicación institución "Fernando el Católico" ;
Designación de volumen o secuencia 1724
9 (RLIN) 47341
Existencias
Estado de retiro Estado de pérdida Restricciones de uso No para préstamo Código de colección Localización permanente Ubicación/localización actual Ubicación en estantería Fecha de adquisición Número de inventario Total de préstamos Signatura topográfica completa Código de barras Fecha visto por última vez Precio válido a partir de Tipo de ítem Koha
        Monografías: Libros y Folletos General General En catalogación 24.11.2010 LF1   NNN M476e 23011-10 25.06.2020 25.06.2020 Préstamo en sala

Con tecnología Koha